000 00749nam a2200253 i 4500
001 18538
003 ES-MaACL
005 20260424152004.0
007 t|
008 020129s1997 sp ||||0| spa j
020 _a84-08-02079-X
040 _aM-BN
_bspa
_cM-BN
080 _a821.134.2-31"19"
080 _a929 Jardiel Poncela, Enrique
100 0 _aMartín García, Miguel
_977505
245 1 3 _aEl hombre que mató a Jardiel Poncela /
_cMiguel Martín.
260 _aBarcelona :
_bPlaneta,
_c[1997]
300 _a234 p ;
_c22 cm.
490 1 _aColección Fábula ;
_v306
600 1 4 _aJardiel Poncela, Enrique.
_966113
830 0 _aColección Fábula
_v306
_9180466
852 _aES-MaACL
_jG-6110
_bR.130932
999 _c18538
_d18538